00000000nas##2200000za#4500
0019.510934
003CaOODSP
00520210305151629
007ta
008150406c2003||||xxc|| p #||||f|   |0eng|d
022 |a1485-2888
040 |aCaOODSP|beng
041 |aeng
041 |afre
043 |an-cn---
0861 |aYC3-372/3
1101 |aCanada. |bParliament. |bStanding Joint Committee on the Library of Parliament.
24510|aStanding Joint Committee on Library of Parliament, proceedings / |cJoint Chairs: The Honourable Senator Yves Morin, Carolyn Bennett.
260 |bSenate and House of Commons.
310 |aIrregular
3621 |a2nd Session, 37th Parliament, 2002-2003
563 |aProcessed
78000|tStanding Joint Committee on Library of Parliament, proceedings / |w(CaOODSP)9.510818
792 |tComité mixte permanent des Bibliothèque du Parlement, délibérations / |efre|w(CaOODSP)9.510935